Szczegóły MARC21

Freud /

003 -Nazwa inst., której nr kontr. jest w polu 001 [,]
    • @
    • Nazwa instytucji, której n kontrolny jest w polu 001
    • NUKAT
005 -DATA I CZAS OSTATNIEJ MODYFIKACJI [,]
    • @
    • pole kontrolne
    • 20241231114330.0
020 -Międzynarod. znormalizowany nr książki - ISBN [ , ]
    • a
    • Numer ISBN
    • 8321408575 Find
040 -Instytucja sporządzająca opis [ , ]
    • a
    • Instytucja, która sporządziła opis (NP)
    • LUBL M/mm
    • c
    • Instytucja, która sporządziła rekord (NP)
    • LUBL M/mm
    • d
    • Instytucja, która zmodyfikowała rekord (P)
    • LUBL M/JD
    • d
    • Instytucja, która zmodyfikowała rekord (P)
    • WA U/77EBUs
    • d
    • Instytucja, która zmodyfikowała rekord (P)
    • TOR U/AP
    • d
    • Instytucja, która zmodyfikowała rekord (P)
    • WA 004/ZW
    • d
    • Instytucja, która zmodyfikowała rekord (P)
    • KR U/42JCs
041 -Język dokumentu [1, ]
    • a
    • Język tekstu (P)
    • polski
    • h
    • Język tekstu oryginalnego i/lub pośredniego (P)
    • niemiecki
942 -Rodzaj dokumentu [ , ]
    • c
    • Rodzaj dokumentu
    • Książka
100 -Hasło główne - nazwa osobowa [1, ]
    • a
    • Nazwa osobowa (NP)
    • Rosińska, Zofia
    • d
    • Daty biograficzne (NP)
    • (1940- ).
    • 9
    • KHW
    • 15264
245 -Strefa tytułu i oznaczenia odpowiedzialności [1,0]
    • a
    • Tytuł
    • Freud / Find
    • c
    • Pozostałe elementy strefy tytułu i oznaczenia odpowiedzialności (NP)
    • Zofia Rosińska.
260 -Strefa adresu wydawniczego [ , ]
    • a
    • Miejsce wydania (P)
    • Warszawa :
    • b
    • Nazwa wydawcy (P)
    • Wiedza Powszechna,
    • c
    • Data wydania (P)
    • 1993.
300 -Strefa opisu fizycznego [ , ]
    • a
    • Określenie formy książki i/lub objętość (NP)
    • 199, [2] s. :
    • b
    • Oznaczenie ilustracji (NP)
    • il. ;
    • c
    • Format (NP)
    • 21 cm.
336 -Typ zawartości [ , ]
    • a
    • Termin opisujący typ zawartości
    • Tekst
    • b
    • Kod określający zawartość
    • txt
    • 2
    • Źródło (terminu i kodu)
    • rdacontent
337 -Typ mediów [ , ]
    • a
    • Tryb odtwarzania
    • Bez urządzenia pośredniczącego
    • b
    • Kod typu mediów
    • n
    • 2
    • Źródło (terminu i kodu)
    • rdamedia
338 -Typ/rodzaj nośnika [ , ]
    • a
    • Hasło opisujące typ nośnika
    • Wolumin
    • b
    • Kod typu nośnika
    • nc
    • 2
    • Źródło (terminu i kodu)
    • rdacarrier
490 -Strefa serii i książki wielotomowej - forma nie do wyszukiwania [1, ]
    • a
    • Tytuł (P)
    • Myśli i Ludzie Find
830 -Hasło dodatkowe serii i opisu książki wielotomowej - tytuł ujednolicony/tytuł [ ,0]
    • a
    • Tytuł ujednolicony/tytuł (NP)
    • Myśli i Ludzie
    • 9
    • KHW
    • 16127
501 -Uwaga dot. prac współwydanych [ , ]
    • a
    • Uwaga dot. prac współwydanych
    • Zawiera również: Wybór pism / Zygmunt Freud.
504 -Uwaga dot. bibliogr. załącznikowej [ , ]
    • a
    • Uwaga dot. bibliografii załącznikowej
    • Bibliogr. s. 101-102.
536 -Uwaga dot. finansowania książki [ , ]
    • a
    • Tekst uwagi
    • Tytuł dotowany przez ministra Edukacji Narodowej
546 -Uwaga dot. języka [ , ]
    • a
    • Uwaga dot. języka
    • Tekst częśc. tł. z jęz. niem.
080 -Uniwersalna Klasyfikacja Dziesiętna [ , ]
    • a
    • Symbol klasyfikacji
    • 159.964.2
    • 2
    • Identyfikator wydania tablic
    • UDC-P058
    • 9
    • UKD
    • 2459
    • b
    • Dopowiedzenie
    • Psychoanaliza.
    • 4
    • UKD2
    • 8455
    • x
    • Poddział wspólny
    • (436)
    • c
    • Dopowiedzenie poddz. wspólnego
    • (Austria).
    • 4
    • UKD2
    • 8241
    • x
    • Poddział wspólny
    • "18/19"
    • c
    • Dopowiedzenie poddz. wspólnego
    • Wiek XIX/XX.
080 -Uniwersalna Klasyfikacja Dziesiętna [ , ]
    • a
    • Symbol klasyfikacji
    • 929-052A/Z
    • 2
    • Identyfikator wydania tablic
    • UDC-P058
    • 9
    • UKD
    • 6953
    • b
    • Dopowiedzenie
    • Biografie indywidualne.
    • 4
    • UKD2
    • 8455
    • x
    • Poddział wspólny
    • (436)
    • c
    • Dopowiedzenie poddz. wspólnego
    • (Austria).
    • 4
    • UKD2
    • 8241
    • x
    • Poddział wspólny
    • "18/19"
    • c
    • Dopowiedzenie poddz. wspólnego
    • Wiek XIX/XX.
600 -Hasło przedmiotowe w formie nazwy osobowej [1,7]
    • a
    • Nazwa osobowa
    • Freud, Sigmund
    • d
    • Daty związane z nazwą
    • (1856-1939).
    • 2
    • Źródło terminu
    • kaba
    • 9
    • KHW
    • 14876
980 -Symbol UKD [ , ]
    • a
    • UKD
    • 159.964.2:929-052](436)"18/19" Freud S.
700 -Hasło dodatkowe - nazwa osobowa [1,2]
    • a
    • Nazwa osobowa (NP)
    • Freud, Sigmund Find
    • d
    • Daty biograficzne (NP)
    • (1856-1939).
    • t
    • Tytuł ujednolicony/tytuł (NP)
    • Wybór pism Find
    • 9
    • KHW
    • 82693
710 -Hasło dodatkowe - nazwa ciała zbiorowego [2, ]
    • a
    • Nazwa ciała zbiorowego lub nazwa geograficzna jako pierwszy element (NP)
    • Państwowe Wydawnictwo Wiedza Powszechna.
    • 4
    • Kod relacji
    • pbl
    • 9
    • KHW
    • 52062
920 -ISBN [ , ]
    • a
    • ISBN
    • 83-214-0857-5 Find
Lokalizacja Data inwentaryzacji Numer inwentarzowy Status udost. Sygnatura
BG1995-10-27W.185305-3 
BG1995-10-27W.185306-3W.185305
BG1995-10-27Pd.84411 
BNS1995-10-27F.259241